000 00804nam a2200217Ia 4500
005 20240530110941.0
008 140319s2021 ua dhf f 000 0 ara d
017 _a2021/8892
_bمصر. دار الكتب
020 _a9789776784383
040 _aGCL /
_cGCL
082 0 4 _221
_a362.4
_bأ ت
100 0 _aاسعد عبادى سليمان
245 1 2 _aالتاهيل المرتكز على المجتمع CBR /
_cاسعد عبادى سليمان
250 _aط. 1
260 _aالاسكندرية :
_bدار الوفاء لدنيا الطباعة و النشر،
_c2021.
300 _a283 ص. :
_bايض ؛
_c24 سم.
650 0 7 _aالمعوقون
_xرعاية وعلاج
650 0 7 _aعلم النفس المرضى
942 _2ddc
_cBK
999 _c66819
_d66819